000 01790nam a22001697a 4500
003 SGT
020 _a9788126536047
082 _a530,WAL
100 _aWALKER,JEARL
245 _aPRINCIPLES OF PHYSICS
_bINTERNATIONAL STUDENT VERSION
250 _a9TH
260 _aNEW DELHI
_bWILEY INDIA
_c2013
300 _a1248
650 _aPHYSICS
653 _aPART 1. • MEASUREMENT. • MOTION ALONG A STRAIGHT LINE. • VECTORS. • MOTION IN TWO AND THREE DIMENSIONS. • FORCE AND MOTION -- I. • FORCE AND MOTION -- II. • KINETIC ENERGY AND WORK. • POTENTIAL ENERGY AND CONSERVATION OF ENERGY. • CENTER OF MASS AND LINEAR MOMENTUM. • ROTATION. • ROLLING, TORQUE AND ANGULAR MOMENTUM. PART 2. • EQUILIBRIUM AND ELASTICITY. • GRAVITATION. • FLUIDS. • OSCILLATIONS. • WAVES -- I. • WAVES -- II. • TEMPERATURE, HEAT, AND THE FIRST LAW OF THERMODYNAMICS. • THE KINETIC THEORY OF GASES. • ENTROPY AND THE SECOND LAW OF THERMODYNAMICS. VOLUME 2. PART 3. • ELECTRIC CHARGE. • ELECTRIC FIELDS. • GAUSS' LAW. • ELECTRIC POTENTIAL. • CAPACITANCE. • CURRENT AND RESISTANCE. • CIRCUITS. • MAGNETIC FIELDS. • MAGNETIC FIELDS DUE TO CURRENTS. • INDUCTION AND INDUCTANCE. • ELECTROMAGNETIC OSCILLATIONS AND ALTERNATING. • CURRENT. • MAXWELL'S EQUATIONS; MAGNETISM OF MATTER. PART 4. • ELECTROMAGNETIC WAVES. • IMAGES. • INTERFERENCE. • DIFFRACTION. • RELATIVITY. PART 5. • PHOTONS AND MATTER WAVES. • MORE ABOUT MATTER WAVES. • ALL ABOUT ATOMS. • CONDUCTION OF ELECTRICITY IN SOLIDS. • NUCLEAR PHYSICS. • ENERGY FROM THE NUCLEUS. • QUARKS, LEPTONS AND THE BIG BANG.
942 _2ddc
_cFPS
_02
999 _c9312
_d9312